Late Bronze Age flintworking from ritual zones in Southern Scandinavia /
This work is devoted to flintworking encountered in the so-called cult houses and ritual zones from the Late Bronze Age in southern Scandinavia, where thousands of barrows were built in the period from the Neolithic to the end of the Early Bronze Age.
المؤلف الرئيسي:
التنسيق: كتاب الكتروني
اللغة: English
منشور في:
Oxford :
Archaeopress,
[2016]
الموضوعات:
الوصول للمادة أونلاين: Login to view Source
الوسوم: إضافة وسم
رقم الطلب: GN778.22.S3 M3713 2016
| LEADER | 01628nam a2200361 i 4500 | ||
|---|---|---|---|
| 001 | EDZ0001584766 | ||
| 003 | StDuBDS | ||
| 005 | 20230412181754.0 | ||
| 006 | m|||||o||d|||||||| | ||
| 007 | cr ||||||||||| | ||
| 008 | 161107s2016 enka fo 000|0|eng|d | ||
| 020 | |a 9781784913809 (ebook) : |c No price | ||
| 040 | |a StDuBDS |b eng |c StDuBDS |e rda |e pn | ||
| 050 | 0 | |a GN778.22.S3 |b M3713 2016 | |
| 082 | 0 | 4 | |a 936.8 |2 23 |
| 100 | 1 | |a Masojć, Mirosław, |e author. | |
| 245 | 1 | 0 | |a Late Bronze Age flintworking from ritual zones in Southern Scandinavia / |c Mirosław Masojć. |
| 264 | 1 | |a Oxford : |b Archaeopress, |c [2016] | |
| 300 | |a 1 online resource : |b illustrations (black and white, and colour) | ||
| 336 | |a text |2 rdacontent | ||
| 336 | |a still image |2 rdacontent | ||
| 337 | |a computer |2 rdamedia | ||
| 338 | |a online resource |2 rdacarrier | ||
| 500 | |a Previously issued in print: 2016. | ||
| 520 | 8 | |a This work is devoted to flintworking encountered in the so-called cult houses and ritual zones from the Late Bronze Age in southern Scandinavia, where thousands of barrows were built in the period from the Neolithic to the end of the Early Bronze Age. | |
| 521 | |a Specialized. | ||
| 588 | |a Description based on online resource; title from home page (viewed on November 9, 2016). | ||
| 650 | 0 | |a Bronze age |z Scandinavia. | |
| 776 | 0 | 8 | |i Print version : |z 9781784913793 |
| 856 | 4 | 0 | |3 Archaeopress |u http://library.arce.org:8087/Archaeopress/Products/9781784913793 |
| 942 | |2 lcc |c EBOOK | ||
| 952 | |0 0 |1 0 |4 0 |6 GN077822 S3 |7 1 |9 46171 |a ARCH |b ARCH |d 2023-04-12 |l 0 |o GN778.22.S3 |r 2023-04-12 00:00:00 |w 2023-04-12 |y EBOOK | ||
| 999 | |c 51829 |d 51829 | ||
